[Event "Baltic Queen"]
[Site "St Petersburg RUS"]
[Date "2009.08.18"]
[Round "7"]
[White "Atalik,E"]
[Black "Peng Zhaoqin"]
[Result "1/2-1/2"]
[WhiteElo "2434"]
[BlackElo "2418"]
[EventDate "2009.08.11"]

1. d4 d5 2. c4 c6 3. Nc3 dxc4 4. e4 b5 5. a4 b4 6. Na2 Nf6 7. e5 Nd5 8.
Bxc4 Bf5 9. Ne2 e6 10. O-O Be7 11. Ng3 Bg6 12. f4 O-O 13. f5 exf5 14. Nxf5
a5 15. Qg4 Nd7 16. Nxe7+ Qxe7 17. Bg5 Qe6 18. Qxe6 fxe6 19. Nc1 h6 20. Bd2
N7b6 21. Be2 Bc2 22. b3 Rxf1+ 23. Kxf1 Rf8+ 24. Ke1 Nf4 25. Bf3 Nbd5 26.
Ra2 Bh7 27. Bxf4 Rxf4 28. Ne2 Rf8 29. Kd2 Kf7 30. Ra1 Ke7 31. Rc1 Kd7 32.
Rc5 Ra8 33. Nf4 Bg8 34. Bxd5 cxd5 35. Rc1 Bh7 36. Ke3 Bf5 37. g3 Rc8 38.
Rxc8 Kxc8 39. Kd2 Kd7 40. Nh5 Ke7 41. Nf4 Kf7 42. h4 Be4 43. h5 1/2-1/2

[Event "Baltic Queen"]
[Site "St Petersburg RUS"]
[Date "2009.08.18"]
[Round "7"]
[White "Cramling,P"]
[Black "Paehtz,E"]
[Result "0-1"]
[WhiteElo "2525"]
[BlackElo "2474"]
[EventDate "2009.08.11"]

1. d4 d5 2. Nf3 Nf6 3. c4 c6 4. Nc3 dxc4 5. a4 Bf5 6. Ne5 Nbd7 7. Nxc4 Nb6
8. Ne5 a5 9. e3 g6 10. Bd3 Bxd3 11. Nxd3 Bg7 12. Qb3 O-O 13. O-O Nfd7 14.
f4 Qc7 15. Bd2 c5 16. Nb5 Qd8 17. Nf2 cxd4 18. Rac1 Rc8 19. exd4 Rxc1 20.
Rxc1 Nc8 21. Qd5 b6 22. Nd3 Nd6 23. Nxd6 Nf6 24. Qc6 exd6 25. b4 Ng4 26.
Qd5 Qh4 27. h3 Qg3 28. hxg4 Qxd3 29. Qa2 axb4 30. Rb1 Bxd4+ 31. Kh2 Qe2 32.
Re1 b3 33. Qxb3 Qxd2 34. Re4 0-1

[Event "Baltic Queen"]
[Site "St Petersburg RUS"]
[Date "2009.08.18"]
[Round "7"]
[White "Cmilyte,V"]
[Black "Bodnaruk,A"]
[Result "1/2-1/2"]
[WhiteElo "2470"]
[BlackElo "2388"]
[EventDate "2009.08.11"]

1. d4 Nf6 2. c4 g6 3. g3 Bg7 4. Bg2 O-O 5. Nf3 d6 6. O-O Nc6 7. Nc3 a6 8.
h3 Rb8 9. e4 b5 10. e5 Nd7 11. e6 fxe6 12. d5 Na5 13. cxb5 Nb6 14. Ng5 axb5
15. dxe6 Qe8 16. Re1 b4 17. Ne2 c5 18. Nf4 Bb7 19. Bxb7 Rxb7 20. h4 Nc6 21.
h5 Rf5 22. Nf7 g5 23. h6 gxf4 24. hxg7 Rxf7 25. exf7+ Qxf7 26. Bxf4 Nd4 27.
Re4 e5 28. Rxd4 cxd4 29. Bh6 Nd7 30. Qa4 Rb8 31. Qc6 Qe6 32. Qc7 Re8 33.
Bd2 e4 34. Bxb4 e3 35. Qxd6 exf2+ 36. Kxf2 Qe2+ 37. Kg1 Qe3+ 38. Kg2 Qe2+
39. Kg1 Qe3+ 40. Kg2 Qe2+ 41. Kg1 1/2-1/2

[Event "Baltic Queen"]
[Site "St Petersburg RUS"]
[Date "2009.08.19"]
[Round "8"]
[White "Zhukova,N"]
[Black "Cramling,P"]
[Result "1-0"]
[WhiteElo "2465"]
[BlackElo "2525"]
[EventDate "2009.08.11"]

1. d4 Nf6 2. c4 e6 3. Nf3 b6 4. g3 Bb7 5. Bg2 Bb4+ 6. Bd2 c5 7. O-O O-O 8.
dxc5 Bxc5 9. Nc3 Be7 10. Qc2 d6 11. Rfd1 Nbd7 12. Bf4 Qb8 13. Qd2 e5 14.
Bg5 Rc8 15. Bh3 Rd8 16. Nh4 g6 17. Ng2 Nc5 18. f3 Ne6 19. Bxe6 fxe6 20. e4
a6 21. a4 Qc7 22. b3 Rf8 23. Ne3 Rad8 24. Kg2 Nxe4 25. Nxe4 Bxe4 26. fxe4
Bxg5 27. h4 Bh6 28. Qe2 Bxe3 29. Qxe3 Qc5 30. Rd3 Qxe3 31. Rxe3 Kf7 32. Rd3
Ke7 33. a5 b5 34. cxb5 axb5 35. a6 Ra8 36. a7 Rfd8 37. Ra5 Rd7 38. Rxb5
Raxa7 39. Rb8 Ra2+ 40. Kh3 Rf2 41. h5 gxh5 42. Kh4 Kf7 43. Kxh5 d5 44. Rh8
Kg7 45. Re8 Kf7 46. Rh8 Rh2+ 47. Kg5 d4 48. b4 h6+ 49. Rxh6 Rxh6 50. Kxh6
Rc7 51. Rf3+ Ke7 52. g4 Rc3 53. Rf1 Rh3+ 54. Kg6 Re3 55. g5 Rxe4 56. b5 Kd6
57. b6 Kc6 58. Rb1 Kb7 59. Kf6 Re2 60. g6 e4 61. Rg1 Rf2+ 62. Ke5 Rf8 63.
g7 Rg8 64. Kxd4 Kxb6 65. Kxe4 1-0

[Event "Baltic Queen"]
[Site "St Petersburg RUS"]
[Date "2009.08.19"]
[Round "8"]
[White "Bodnaruk,A"]
[Black "Turova,I"]
[Result "1-0"]
[WhiteElo "2388"]
[BlackElo "2387"]
[EventDate "2009.08.11"]

1. e4 e5 2. Bc4 Nc6 3. d3 Nf6 4. Nc3 Bc5 5. f4 d5 6. exd5 Bg4 7. Qd2 Nd4 8.
h3 Bd7 9. Nf3 O-O 10. Nxe5 Re8 11. Kd1 b5 12. Bb3 a5 13. d6 Nxb3 14. dxc7
Qxc7 15. axb3 b4 16. Ne2 Bb5 17. Ng3 Rad8 18. Re1 Nd5 19. Ne4 Bd4 20. Nf3
Bb6 21. f5 Qd7 22. g4 a4 23. bxa4 Bxa4 24. b3 Rxe4 25. Rxe4 Nc3+ 26. Qxc3
bxc3 27. Raxa4 f6 28. Bf4 Re8 29. Rxe8+ Qxe8 30. Re4 Qa8 31. Ke2 Qa2 32.
Ne1 Qa8 33. Bd6 Qd8 34. Bf4 Qa8 35. b4 Qd5 36. Nf3 Qa2 37. Ne1 Qd5 38. Bg3
Kf7 39. Nf3 Bd8 40. Rd4 Qa2 41. Rxd8 Qxc2+ 42. Ke3 Qd1 43. Ne1 c2 44. Nxc2
Qxc2 45. Bd6 g5 46. Kd4 Qg2 47. b5 Qb2+ 48. Kc5 Qc3+ 49. Kb6 Qxd3 50. Bc7
Qxh3 51. Kb7 Qxg4 52. b6 Qxf5 53. Kb8 h5 54. b7 Qe4 55. Rd6 Ke7 56. Ka7
Qe3+ 57. Rb6 Qa3+ 58. Ra6 Qe3+ 59. Bb6 Qe5 60. b8=Q Qxb8+ 61. Kxb8 h4 62.
Bd4 1-0

[Event "Baltic Queen"]
[Site "St Petersburg RUS"]
[Date "2009.08.19"]
[Round "8"]
[White "Paehtz,E"]
[Black "Cmilyte,V"]
[Result "1-0"]
[WhiteElo "2474"]
[BlackElo "2470"]
[EventDate "2009.08.11"]

1. e4 Nf6 2. e5 Nd5 3. d4 d6 4. c4 Nb6 5. exd6 exd6 6. Nc3 Be7 7. Bd3 Nc6
8. Nge2 Bg4 9. Be3 O-O 10. Qb1 h6 11. O-O Bg5 12. d5 Nb4 13. Bxg5 Qxg5 14.
Ng3 Qf4 15. h3 Bd7 16. Nce2 Qe5 17. a3 Nxd3 18. Qxd3 Rae8 19. Nd4 Qf4 20.
b3 g6 21. Rfe1 Qf6 22. Qd2 Qg7 23. a4 a5 24. Rad1 Rxe1+ 25. Qxe1 Ra8 26.
Qd2 Nc8 27. Re1 c5 28. dxc6 bxc6 29. Nf3 f5 30. Nd4 Kh7 31. h4 c5 32. Nb5
Bxb5 33. cxb5 h5 34. Qd5 Rb8 35. Re6 Qf7 36. Nxh5 Rb6 37. Nf4 Ne7 38. Qa8
Qg7 39. Qxa5 Rb7 40. Qd2 d5 41. h5 1-0

[Event "Baltic Queen"]
[Site "St Petersburg RUS"]
[Date "2009.08.19"]
[Round "8"]
[White "Atalik,E"]
[Black "Arakhamia,K"]
[Result "0-1"]
[WhiteElo "2434"]
[BlackElo "2506"]
[EventDate "2009.08.11"]

1. d4 Nf6 2. c4 c5 3. d5 e5 4. Nc3 d6 5. e4 Be7 6. Bd3 Nbd7 7. h3 O-O 8. g4
a6 9. a4 Ne8 10. Nf3 g6 11. Qd2 Ng7 12. Qh6 f6 13. Bd2 Rf7 14. Rg1 Nf8 15.
h4 Bd7 16. Nd1 b5 17. axb5 axb5 18. Rxa8 Qxa8 19. cxb5 Qa4 20. Nc3 Qb4 21.
Qe3 Bd8 22. Nd1 Qa4 23. Nc3 Qb3 24. Bc1 Ba5 25. Nd2 Bxc3 26. bxc3 Qxc3 27.
Ke2 Bxg4+ 28. Rxg4 Qxc1 29. Nc4 Qa1 30. Nxd6 Ra7 31. b6 Ra2+ 32. Kf3 Qh1+
33. Rg2 Nh5 34. b7 Nf4 35. Qxf4 Qd1+ 36. Kg3 exf4+ 37. Kxf4 Qd2+ 0-1

[Event "Baltic Queen"]
[Site "St Petersburg RUS"]
[Date "2009.08.19"]
[Round "8"]
[White "Peng Zhaoqin"]
[Black "Demina,J"]
[Result "1/2-1/2"]
[WhiteElo "2418"]
[BlackElo "2378"]
[EventDate "2009.08.11"]

1. d4 d5 2. c4 c6 3. Nc3 dxc4 4. e4 b5 5. a4 b4 6. Nce2 e6 7. Nf3 Nf6 8.
Ng3 Ba6 9. Bg5 Qa5 10. Be2 Nbd7 11. O-O h6 12. Bxf6 gxf6 13. Qc1 Nb6 14.
Nd2 Rd8 15. Bxc4 Nxc4 16. Nxc4 Qc7 17. Rd1 h5 18. h3 h4 19. Nf1 Bh6 20. Qc2
Kf8 21. Nfe3 Rg8 22. Ng4 Bg5 23. Nce3 Kg7 24. Rac1 Rc8 25. d5 c5 26. dxe6
fxe6 27. e5 fxe5 28. Qe4 Bb7 29. Qxe5+ Qxe5 30. Nxe5 Bxe3 31. fxe3 Kf6 32.
Ng4+ Ke7 33. Rd2 Be4 34. Ne5 Rg5 35. Ng4 a5 36. Rf2 c4 37. Rf4 Bd3 38. Nf2
Rcg8 39. Rg4 Rxg4 40. hxg4 Be2 41. Rc2 Bd3 42. Nxd3 cxd3 43. Rc7+ Kd6 44.
Rc4 e5 45. Kf2 Kd5 46. b3 e4 47. Rd4+ Ke5 48. Rc4 Rxg4 49. Rc5+ Ke6 50.
Rxa5 d2 51. Ra6+ Kd7 52. Ra7+ Kc8 53. Ra8+ Kc7 54. Ra7+ Kc8 55. Ra8+
1/2-1/2

[Event "Baltic Queen"]
[Site "St Petersburg RUS"]
[Date "2009.08.20"]
[Round "9"]
[White "Cmilyte,V"]
[Black "Zhukova,N"]
[Result "1-0"]
[WhiteElo "2470"]
[BlackElo "2465"]
[EventDate "2009.08.11"]

1. d4 e6 2. c4 Nf6 3. Nf3 d5 4. Nc3 Bb4 5. e3 O-O 6. a3 Bxc3+ 7. bxc3 c5 8.
Bd3 Nc6 9. O-O dxc4 10. Bxc4 Qc7 11. Bb2 e5 12. h3 Bf5 13. Ba2 Rad8 14. Qe2
Rfe8 15. d5 Ne7 16. Nh4 Qc8 17. Nxf5 Qxf5 18. c4 Ng6 19. f3 Qd7 20. Bb3 Qd6
21. Qf2 Nd7 22. Bc2 Nb6 23. Qe2 Qe7 24. a4 Nc8 25. Ba3 Qc7 26. Bd3 Nd6 27.
Qc2 Rc8 28. Bb2 Qe7 29. Rae1 Qh4 30. Bxg6 hxg6 31. e4 f5 32. f4 exf4 33.
Qc3 Rc7 34. e5 Ne4 35. Qd3 Qg3 36. Qxg3 fxg3 37. e6 Rce7 38. Rxe4 fxe4 39.
Be5 Rxe6 40. dxe6 Rxe6 41. Bxg3 Rb6 42. Re1 Rb4 43. Rxe4 Rxa4 44. Re7 Rb4
45. Be5 a5 46. Rxg7+ Kf8 47. Rxg6 a4 48. Rg4 a3 49. Kh2 a2 50. Rf4+ Kg8 51.
Rf2 Ra4 52. Ba1 Rxc4 53. Rxa2 b5 54. g4 b4 55. Kg3 Rc1 56. Bf6 c4 57. Ra4
Rb1 58. Kh4 c3 59. Kg5 Kf7 60. Ra7+ Ke6 61. Rc7 Rf1 62. Bh8 Kd6 63. Rc8 Rc1
64. h4 Kd5 65. h5 b3 66. Rxc3 b2 67. Rd3+ Ke4 68. Bxb2 Rc5+ 69. Kg6 Kxd3
70. h6 Rc6+ 71. Bf6 1-0

[Event "Baltic Queen"]
[Site "St Petersburg RUS"]
[Date "2009.08.20"]
[Round "9"]
[White "Turova,I"]
[Black "Paehtz,E"]
[Result "1/2-1/2"]
[WhiteElo "2387"]
[BlackElo "2474"]
[EventDate "2009.08.11"]

1. d4 d6 2. c4 e5 3. Nf3 e4 4. Ng5 f5 5. g3 Be7 6. h4 Nf6 7. Nc3 O-O 8. Bg2
c6 9. Qb3 Na6 10. Nh3 c5 11. d5 Nc7 12. Nf4 Rb8 13. a4 Ng4 14. f3 exf3 15.
exf3 Ne5 16. O-O b6 17. Nb5 a6 18. Nxc7 Qxc7 19. Bd2 Bf6 20. Nh5 Bd8 21.
Nf4 Bf6 22. Nh5 Bd8 23. Nf4 Bf6 1/2-1/2

[Event "Baltic Queen"]
[Site "St Petersburg RUS"]
[Date "2009.08.20"]
[Round "9"]
[White "Cramling,P"]
[Black "Atalik,E"]
[Result "1/2-1/2"]
[WhiteElo "2525"]
[BlackElo "2434"]
[EventDate "2009.08.11"]

1. d4 Nf6 2. Nf3 e6 3. c4 b6 4. a3 Ba6 5. Qb3 d5 6. cxd5 Qxd5 7. Qxd5 exd5
8. Bf4 Bd6 9. g3 Ke7 10. Nc3 h6 11. Bg2 Rd8 12. O-O Bxf4 13. gxf4 Nh5 14.
f5 Nf4 15. Bh1 g6 16. Rfe1 gxf5 17. b4 c6 18. a4 Nd7 19. b5 Bb7 1/2-1/2

[Event "Baltic Queen"]
[Site "St Petersburg RUS"]
[Date "2009.08.20"]
[Round "9"]
[White "Demina,J"]
[Black "Bodnaruk,A"]
[Result "1/2-1/2"]
[WhiteElo "2378"]
[BlackElo "2388"]
[EventDate "2009.08.11"]

1. d4 Nf6 2. Nf3 g6 3. g3 Bg7 4. Bg2 O-O 5. c4 d6 6. O-O Nc6 7. Nc3 a6 8.
d5 Na5 9. b3 Rb8 10. Bd2 c5 11. dxc6 Nxc6 12. Qc1 Re8 13. Rd1 Bd7 14. h3 b5
15. Bh6 Bh8 16. Nd5 bxc4 17. bxc4 Na5 18. Ne3 Rc8 19. Qa3 Rc5 20. g4 Nxc4
21. Nxc4 Rxc4 22. Qxa6 Ra4 23. Qd3 Qa5 24. Bd2 Qb5 25. Bc3 Rc8 26. Qxb5
Bxb5 27. Nd4 Bd7 28. Bb2 Rb4 29. Rab1 Rcb8 30. Nb3 Be6 31. Bxf6 Bxf6 32.
Bd5 Ra4 33. Bxe6 fxe6 34. Rd2 Rc4 35. Kg2 Rc3 36. Rbd1 Rbc8 1/2-1/2